Оборудование электронно-лучевых комплексов для производства продукции современной энергетики (Запись № 10838638)

Подробности
000 -МАРКЕР
контрольное поле 02227nam0a2200325 i 4500
001 - ИДЕНТИФИКАТОР ЗАПИСИ
контрольное поле RU\NLR\BIBL_A\011274660
005 - ИДЕНТИФИКАТОР ВЕРСИИ
контрольное поле 20241101194927.0
010 ## - МЕЖДУНАРОДНЫЙ СТАНДАРТНЫЙ НОМЕР КНИГИ (ISBN)
Номер (ISBN) 9785444454794
Тираж 300
021 ## - НОМЕР ГОСУДАРСТВЕННОЙ РЕГИСТРАЦИИ
Код страны Российская Федерация
Номер 2016-84765
Номер Листа государственной регистраци 5540
035 ## - ДРУГИЕ СИСТЕМНЫЕ НОМЕРА
Идентификатор записи (NLR Aleph) 011274660
100 ## - ДАННЫЕ ОБЩЕЙ ОБРАБОТКИ
Данные общей обработки 20161118d2016 um y0rusy50 ca
101 0# - ЯЗЫК РЕСУРСА
Язык текста, звукозаписи и т.д. русский
102 ## - СТРАНА ПУБЛИКАЦИИ ИЛИ ПРОИЗВОДСТВА
Страна публикации Российская Федерация
105 ## - ПОЛЕ КОДИРОВАННЫХ ДАННЫХ: ТЕКСТОВЫЕ МАТЕРИАЛЫ, МОНОГРАФИЧЕСКИЕ
Кодированные данные о монографическом текстовом документе a|||j|||000zy
200 1# - ЗАГЛАВИЕ И СВЕДЕНИЯ ОБ ОТВЕТСТВЕННОСТИ
Основное заглавие Оборудование электронно-лучевых комплексов для производства продукции современной энергетики
Сведения, относящиеся к заглавию учебное пособие
-- по курсам: "Технология обработки материалов КПЭ", "Оборудование и технологии сварки плавлением", "Проектирование специализированного оборудования и оснастки для обработки КПЭ", "Плазменные, лучевые, электронно-лучевые и лазерные установки"
Первые сведения об ответственности А.В. Щербаков, В.В. Новокрещенов, Р.В. Родякина, В.Н. Ластовиря
Последующие сведения об ответственности [науч. ред.: д.т.н., акад., В.П. Рубинчик, д.т.н., проф. М.А. Каримбеков]
210 ## - ПУБЛИКАЦИЯ, РАСПРОСТРАНЕНИЕ И ДР.
Место издания, распространения и т.д. Москва
Имя издателя, распространителя и т. д. Вече
Дата издания, распространения и т.д. 2016
215 ## - ФИЗИЧЕСКАЯ ХАРАКТЕРИСТИКА
Специфическое обозначение материала и объем 206, [1] с.
Другие сведения о физической характеристике ил.
Размеры 22
320 ## - ПРИМЕЧАНИЯ О НАЛИЧИИ В ДОКУМЕНТЕ БИБЛИОГРАФИИ / УКАЗАТЕЛЯ
Текст примечания Библиогр.: с. 203-204 (19 назв.)
606 ## - НАИМЕНОВАНИЕ ТЕМЫ КАК ПРЕДМЕТ
Наименование темы Электронно-лучевая сварка
Формальный подзаголовок Учебные издания для высших учебных заведений
Системный номер авторитетной/нормативной записи 965293
Идентификатор авторитетной/нормативной записи RU\NLR\AUTH\6642253
686 1# - ИНДЕКСЫ ДРУГИХ КЛАССИФИКАЦИЙ
Индекс К641.573я73-1
701 #1 - ИМЯ ЛИЦА - АЛЬТЕРНАТИВНАЯ ОТВЕТСТВЕННОСТЬ
Графика поля Кириллица
Материалы, к которым относится поле rus
Начальный элемент ввода Щербаков
Часть имени, кроме начального элемента ввода А. В.
Дополнения к именам, кроме дат д-р техн. наук
Расширение инициалов личного имени Алексей Владимирович
Системный номер авторитетной/нормативной записи 155248
Идентификатор авторитетной/нормативной записи RU\NLR\AUTH\770155287
701 #1 - ИМЯ ЛИЦА - АЛЬТЕРНАТИВНАЯ ОТВЕТСТВЕННОСТЬ
Начальный элемент ввода Новокрещенов
Часть имени, кроме начального элемента ввода В. В.
Расширение инициалов личного имени Виктор Васильевич
701 #1 - ИМЯ ЛИЦА - АЛЬТЕРНАТИВНАЯ ОТВЕТСТВЕННОСТЬ
Начальный элемент ввода Родякина
Часть имени, кроме начального элемента ввода Р. В.
Расширение инициалов личного имени Регина Владимировна
701 #1 - ИМЯ ЛИЦА - АЛЬТЕРНАТИВНАЯ ОТВЕТСТВЕННОСТЬ
Начальный элемент ввода Ластовиря
Часть имени, кроме начального элемента ввода В. Н.
Расширение инициалов личного имени Вячеслав Николаевич
702 #1 - ИМЯ ЛИЦА - ВТОРИЧНАЯ ОТВЕТСТВЕННОСТЬ
Начальный элемент ввода Рубцов
Часть имени, кроме начального элемента ввода В. П.
Расширение инициалов личного имени Виктор Петрович
Код отношения Редактор
942 ## - ДОПОЛНИТЕЛЬНЫЕ ЭЛЕМЕНТЫ ЗАПИСИ (АБИС)
Тип экземпляра АБИС Книга
980 ## - КОЛЛЕКЦИЯ
Название коллекции НБР

Нет доступных экземпляров.